[Event "Bad Wörishofen op 2012 28th"]
[Site "Bad Wörishofen (2.3.-10.3)"]
[Date "2012.03.08"]
[Round "7.6"]
[White "Levin, Felix"]
[Black "Pirrot, Dieter"]
[Result "1/2-1/2"]
[WhiteElo "2472"]
[BlackElo "2316"]
[PlyCount "96"]
[EventDate "2012.03.??"]
[EventType "swiss"]
[EventRounds "9"]
[EventCountry "GER"]
[SourceDate "2013.02.18"]
[WhiteTeam "Mülheim-Nord SV"]
[BlackTeam "Hofheim(Taunus) SV"]

1. d4 d5 2. c4 e6 3. Nf3 c6 4. Qc2 Nf6 5. e3 Ne4 6. Bd3 f5 7. O-O Bd6 8. b3 Qf6
9. Ba3 Bxa3 10. Nxa3 Nd7 11. Qb2 O-O 12. Ne5 Nxe5 13. dxe5 Qe7 14. f3 Nc5 15.
Be2 a5 16. Nc2 Bd7 17. Nd4 b6 18. a3 Na6 19. Bd3 c5 20. Ne2 Rfb8 21. Nf4 Nc7
22. a4 dxc4 23. Bxc4 b5 24. axb5 Bxb5 25. Qc3 Bxc4 26. bxc4 a4 27. Ra3 Ra6 28.
Qc2 Qd7 29. Rd1 Qe8 30. Nd3 Qc6 31. Rda1 Rba8 32. Nb2 Qb6 33. Rxa4 Rxa4 34.
Rxa4 Rb8 35. Nd3 Na6 36. Nf4 Nb4 37. Qc3 Rd8 38. Ra1 g5 39. Nh5 Rd3 40. Qc1 Qb8
41. f4 Kf7 42. Nf6 Kg6 43. h3 gxf4 44. exf4 Qd8 45. Qf1 Qd4+ 46. Kh2 Qe3 47.
Qf3 Qxf3 48. gxf3 Rxf3 1/2-1/2

[Event "Bad Wörishofen op 2012 28th"]
[Site "Bad Wörishofen (2.3.-10.3)"]
[Date "2012.03.08"]
[Round "7.9"]
[White "Vasilevich, Tatjana"]
[Black "Melamed, Tetyana"]
[Result "1/2-1/2"]
[WhiteElo "2379"]
[BlackElo "2332"]
[PlyCount "23"]
[EventDate "2012.03.??"]
[EventType "swiss"]
[EventRounds "9"]
[EventCountry "GER"]
[SourceDate "2013.02.18"]
[WhiteTeam "Aue Nickelhütte ESV"]
[BlackTeam "Magdeburg  Aufbau Elbe SG"]

1. d4 Nf6 2. c4 g6 3. Nc3 Bg7 4. e4 d6 5. Nf3 O-O 6. Be2 e5 7. dxe5 dxe5 8.
Qxd8 Rxd8 9. Bg5 c6 10. O-O Nbd7 11. Rfd1 Re8 12. h3 1/2-1/2

[Event "Bad Wörishofen op 2012 28th"]
[Site "Bad Wörishofen (2.3.-10.3)"]
[Date "2012.03.08"]
[Round "7.11"]
[White "Meister, Jakob"]
[Black "Glantz, Robert"]
[Result "1/2-1/2"]
[WhiteElo "2429"]
[BlackElo "2248"]
[PlyCount "91"]
[EventDate "2012.03.??"]
[EventType "swiss"]
[EventRounds "9"]
[EventCountry "GER"]
[SourceDate "2013.02.18"]
[WhiteTeam "Berlin Zehlendorf SK"]
[BlackTeam "Berlin 1903 Sfrd."]

1. e4 c5 2. f4 d6 3. Nf3 g6 4. Bb5+ Bd7 5. Bxd7+ Qxd7 6. O-O Bg7 7. d3 Nc6 8.
c3 Nf6 9. Na3 O-O 10. Qe1 Rab8 11. Nc2 b5 12. Bd2 Qd8 13. Kh1 Nd7 14. a3 e6 15.
Qg3 f5 16. Rae1 Qf6 17. Qh3 Rbe8 18. Ng5 h6 19. Nf3 Qf7 20. g4 fxg4 21. Qxg4 e5
22. Nh4 exf4 23. Qxg6 Nde5 24. Qxf7+ Rxf7 25. Rb1 Nxd3 26. Nf5 Bf8 27. Bxf4
Rxe4 28. Bg3 Re2 29. Nce3 Nce5 30. b3 Kh7 31. a4 bxa4 32. bxa4 Ra2 33. Ra1 Rxa1
34. Rxa1 Rb7 35. Rf1 Nf7 36. Nd5 Bg7 37. Nxg7 Kxg7 38. Nf6 Re7 39. Nd5 Re4 40.
a5 Ra4 41. Ne7 Rxa5 42. Nf5+ Kh7 43. Bxd6 Nxd6 44. Nxd6 Ra3 45. Ne4 Ra2 46. Rg1
1/2-1/2

[Event "Bad Wörishofen op 2012 28th"]
[Site "Bad Wörishofen (2.3.-10.3)"]
[Date "2012.03.08"]
[Round "7.13"]
[White "Keller, Manfred(45)"]
[Black "Kummerow, Heiko"]
[Result "1/2-1/2"]
[WhiteElo "2127"]
[BlackElo "2285"]
[PlyCount "33"]
[EventDate "2012.03.??"]
[EventType "swiss"]
[EventRounds "9"]
[EventCountry "GER"]
[SourceDate "2013.02.18"]
[WhiteTeam "Pang/Rosenheim SG"]
[BlackTeam "Recklinghäuser SG"]

1. d4 Nf6 2. Nc3 d5 3. Bg5 Nbd7 4. e3 e6 5. Qf3 c5 6. O-O-O Be7 7. Bb5 O-O 8.
Nge2 Qa5 9. Kb1 c4 10. Bxd7 Bxd7 11. e4 dxe4 12. Nxe4 Nxe4 13. Bxe7 Nd2+ 14.
Rxd2 Qxd2 15. Bxf8 Rxf8 16. Qe3 Qxe3 17. fxe3 1/2-1/2

[Event "Bad Wörishofen op 2012 28th"]
[Site "Bad Wörishofen (2.3.-10.3)"]
[Date "2012.03.08"]
[Round "7.16"]
[White "Friedrich, Norbert(66)"]
[Black "Hoeller, Armin"]
[Result "1-0"]
[WhiteElo "2292"]
[BlackElo "2033"]
[PlyCount "47"]
[EventDate "2012.03.??"]
[EventType "swiss"]
[EventRounds "9"]
[EventCountry "GER"]
[SourceDate "2013.02.18"]
[WhiteTeam "Waldshut-Tiengen SG"]
[BlackTeam "Bad Aibling SK"]

1. e4 e5 2. Nf3 Nc6 3. Bb5 a6 4. Ba4 Nf6 5. d4 exd4 6. O-O Be7 7. Re1 b5 8. e5
Nxe5 9. Rxe5 bxa4 10. Nxd4 O-O 11. Nc3 Bb7 12. Nf5 Re8 13. Bg5 Bf8 14. Rxe8
Qxe8 15. Bxf6 Qe6 16. Bxg7 Qg6 17. g4 Qc6 18. f3 Qb6+ 19. Bd4 c5 20. Bf2 Qxb2
21. Rb1 Qxc3 22. Rxb7 Qc4 23. a3 d5 24. Ne3 1-0

[Event "Bad Wörishofen op 2012 28th"]
[Site "Bad Wörishofen (2.3.-10.3)"]
[Date "2012.03.08"]
[Round "7.17"]
[White "Donchenko, Anatoly"]
[Black "Roemhild, Marcus"]
[Result "1-0"]
[WhiteElo "2306"]
[BlackElo "2048"]
[PlyCount "65"]
[EventDate "2012.03.??"]
[EventType "swiss"]
[EventRounds "9"]
[EventCountry "GER"]
[SourceDate "2013.02.18"]
[WhiteTeam "Giessen SK"]
[BlackTeam "Lippstadt Turm LSV"]

1. c4 c5 2. Nf3 g6 3. d4 cxd4 4. Nxd4 Bg7 5. e4 Qb6 6. Nb3 d6 7. Be3 Qd8 8. Qd2
Nf6 9. f3 Nc6 10. Nc3 O-O 11. Be2 Be6 12. Rd1 Na5 13. Nd5 Nxb3 14. axb3 Nd7 15.
b4 Nf6 16. Nf4 Bd7 17. O-O b6 18. b5 Bc8 19. Ra1 a5 20. bxa6 Bxa6 21. Qb4 Nd7
22. Nd5 b5 23. cxb5 Bb7 24. Rxa8 Bxa8 25. b6 Bb7 26. Qb5 e6 27. Nc7 Nb8 28. Rd1
Qe7 29. Bg5 f6 30. Bf4 Rd8 31. Bc4 Bc8 32. Qb3 Kf7 33. Nb5 1-0

[Event "Bad Wörishofen op 2012 28th"]
[Site "Bad Wörishofen (2.3.-10.3)"]
[Date "2012.03.08"]
[Round "7.19"]
[White "Pfretzschner, Roland"]
[Black "Baeuml, Ulrich"]
[Result "1/2-1/2"]
[WhiteElo "2166"]
[BlackElo "2044"]
[PlyCount "40"]
[EventDate "2012.03.??"]
[EventType "swiss"]
[EventRounds "9"]
[EventCountry "GER"]
[SourceDate "2013.02.18"]
[WhiteTeam "Plauen König SK"]
[BlackTeam "Dillingen SC"]

1. e4 e5 2. Nf3 Nc6 3. Bc4 Be7 4. d4 d6 5. O-O Bg4 6. h3 Bh5 7. d5 Nd4 8. Nbd2
Nf6 9. Be2 Nxe2+ 10. Qxe2 Qd7 11. Qe3 h6 12. g4 Nxg4 13. hxg4 Qxg4+ 14. Kh2 Bg5
15. Nxg5 hxg5 16. Qh3 Qe2 17. Kg1 Rh6 18. Qe3 Qg4+ 19. Qg3 Qe2 20. Qe3 Qg4+
1/2-1/2

[Event "Bad Wörishofen op 2012 28th"]
[Site "Bad Wörishofen (2.3.-10.3)"]
[Date "2012.03.08"]
[Round "7.20"]
[White "Kauch, Markus"]
[Black "Guenther, Thomas(63)"]
[Result "1-0"]
[WhiteElo "2127"]
[BlackElo "1977"]
[PlyCount "81"]
[EventDate "2012.03.??"]
[EventType "swiss"]
[EventRounds "9"]
[EventCountry "GER"]
[SourceDate "2013.02.18"]
[WhiteTeam "SUI/Stäfa SC (Dotzheim TuS)"]
[BlackTeam "Berlin Lichtenrade SC"]
[WhiteTeamCountry "SUI"]

1. Nf3 Nf6 2. c4 e6 3. g3 b6 4. Bg2 Bb7 5. O-O Be7 6. b3 O-O 7. Bb2 Ne4 8. d3
Bf6 9. Qc1 Bxb2 10. Qxb2 Qf6 11. Qxf6 Nxf6 12. Nc3 d6 13. Rac1 e5 14. d4 exd4
15. Nxd4 Bxg2 16. Kxg2 a5 17. Nd5 Nxd5 18. cxd5 Na6 19. Nb5 Rfe8 20. e3 Re7 21.
a3 g6 22. Rfd1 Rb8 23. Rc4 Rb7 24. Rdc1 f5 25. b4 Kf7 26. h3 Kf6 27. Kf3 Re5
28. Nc3 Ra7 29. Ke2 Ra8 30. f4 Re7 31. Nb5 Rae8 32. R1c3 axb4 33. axb4 Re4 34.
Nxc7 Nxc7 35. Rxc7 Rxb4 36. R3c6 Rd8 37. Rxh7 Rb5 38. Ra7 Rf8 39. g4 fxg4 40.
hxg4 Rc5 41. Rd7 1-0

[Event "Bad Wörishofen op 2012 28th"]
[Site "Bad Wörishofen (2.3.-10.3)"]
[Date "2012.03.08"]
[Round "7.22"]
[White "Klamp, Christoph"]
[Black "Babar, Michael"]
[Result "1/2-1/2"]
[WhiteElo "2024"]
[BlackElo "2161"]
[PlyCount "29"]
[EventDate "2012.03.??"]
[EventType "swiss"]
[EventRounds "9"]
[EventCountry "GER"]
[SourceDate "2013.02.18"]
[WhiteTeam "Darmstadt Schachforum SV"]
[BlackTeam "Dortmund Hansa SC"]

1. e4 e5 2. Bc4 Nc6 3. d3 d6 4. Nc3 Nf6 5. a4 Be7 6. a5 a6 7. h3 O-O 8. Nf3 Nd4
9. O-O Nxf3+ 10. Qxf3 Be6 11. Be3 Qd7 12. Nd5 Nxd5 13. exd5 Bf5 14. Bb3 Bg6 15.
Qg3 1/2-1/2

[Event "Bad Wörishofen op 2012 28th"]
[Site "Bad Wörishofen (2.3.-10.3)"]
[Date "2012.03.08"]
[Round "7.23"]
[White "Stull, Norbert"]
[Black "Leiber, Bernard"]
[Result "1/2-1/2"]
[WhiteElo "1912"]
[BlackElo "2119"]
[PlyCount "85"]
[EventDate "2012.03.??"]
[EventType "swiss"]
[EventRounds "9"]
[EventCountry "GER"]
[SourceDate "2013.02.18"]
[WhiteTeam "FRA/Frankreich Differdange"]
[BlackTeam "Osnabrück SV"]
[WhiteTeamCountry "FRA"]

1. d4 Nf6 2. c4 d6 3. Nf3 g6 4. Nc3 Bg7 5. e4 O-O 6. Be2 e5 7. O-O Nbd7 8. Rb1
b6 9. Re1 Bb7 10. Bf1 Nh5 11. g3 f5 12. Bg5 Qb8 13. d5 f4 14. g4 Nhf6 15. Bxf6
Nxf6 16. h3 h6 17. Nd2 a5 18. a3 Nd7 19. f3 Bf6 20. Qc2 Bh4 21. Re2 Ba6 22. b4
axb4 23. axb4 Qa7 24. Kh1 Bb7 25. Rg2 Qb8 26. Nb3 Be7 27. Rg1 Kg7 28. Be2 Rh8
29. Kg2 h5 30. Nb5 Ra4 31. N3d4 exd4 32. Qxa4 d3 33. Bxd3 Ne5 34. Be2 Bc8 35.
Qa7 Qxa7 36. Nxa7 Bd7 37. Nb5 Bxb5 38. cxb5 hxg4 39. hxg4 Bf6 40. Ra1 Nf7 41.
Ra7 Bd8 42. Rc1 Kf6 43. Ra8 1/2-1/2

[Event "Bad Wörishofen op 2012 28th"]
[Site "Bad Wörishofen (2.3.-10.3)"]
[Date "2012.03.08"]
[Round "7.24"]
[White "Grawe, Christian(65)"]
[Black "Haugg, Gerhard(63)"]
[Result "1-0"]
[WhiteElo "2179"]
[BlackElo "1812"]
[PlyCount "31"]
[EventDate "2012.03.??"]
[EventType "swiss"]
[EventRounds "9"]
[EventCountry "GER"]
[SourceDate "2013.02.18"]
[WhiteTeam "Germering SK"]
[BlackTeam "Kötz/Ichenhausen Spgem"]

1. e4 e6 2. d4 d5 3. e5 c5 4. c3 Nc6 5. Nf3 Bd7 6. Be2 Nge7 7. O-O Nf5 8. Bd3
c4 9. Bc2 Be7 10. Kh1 h5 11. h4 g6 12. Na3 a6 13. Bf4 g5 14. Bd2 g4 15. Ng1 Bg5
16. Bxg5 1-0

[Event "Bad Wörishofen op 2012 28th"]
[Site "Bad Wörishofen (2.3.-10.3)"]
[Date "2012.03.08"]
[Round "7.25"]
[White "Billio, Atto"]
[Black "Kugelmann, Werner"]
[Result "1/2-1/2"]
[WhiteElo "2126"]
[BlackElo "2091"]
[PlyCount "43"]
[EventDate "2012.03.??"]
[EventType "swiss"]
[EventRounds "9"]
[EventCountry "GER"]
[SourceDate "2013.02.18"]
[WhiteTeam "ITA/Italien"]
[BlackTeam "Wertingen TSV"]
[WhiteTeamCountry "ITA"]

1. c4 g6 2. g3 Bg7 3. Bg2 e5 4. Nc3 d6 5. e4 Nc6 6. Nge2 Be6 7. d3 Qd7 8. Nd5
Nd8 9. h3 c6 10. Ndc3 Nf6 11. g4 h5 12. g5 Nh7 13. h4 f6 14. gxf6 Bxf6 15. d4
Qe7 16. d5 Bd7 17. dxc6 bxc6 18. Ng3 O-O 19. b3 Nb7 20. Bb2 Nc5 21. Qd2 Ne6 22.
Nf5 1/2-1/2

[Event "Bad Wörishofen op 2012 28th"]
[Site "Bad Wörishofen (2.3.-10.3)"]
[Date "2012.03.08"]
[Round "7.26"]
[White "Stiller, Patrick Dr"]
[Black "Urban, Rudolf"]
[Result "1/2-1/2"]
[WhiteElo "2146"]
[BlackElo "1836"]
[PlyCount "78"]
[EventDate "2012.03.??"]
[EventType "swiss"]
[EventRounds "9"]
[EventCountry "GER"]
[SourceDate "2013.02.18"]
[WhiteTeam "Ulm Post SV"]
[BlackTeam "München RTA"]

1. c4 Nf6 2. g3 e6 3. Bg2 d5 4. Nf3 Be7 5. O-O O-O 6. b3 Nbd7 7. Bb2 c6 8. d4
Ne4 9. Nbd2 f5 10. Qc2 Ndf6 11. Ne5 Nxd2 12. Qxd2 Ne4 13. Qc2 Bf6 14. Rad1 Bd7
15. f3 Nd6 16. Ba3 Be8 17. e4 fxe4 18. fxe4 Be7 19. Rxf8+ Bxf8 20. exd5 cxd5
21. cxd5 Rc8 22. Qf2 Be7 23. Rf1 Nf5 24. Bxe7 Qxe7 25. dxe6 Nd6 26. d5 Bb5 27.
Nc4 Bxc4 28. bxc4 Rxc4 29. Qxa7 h6 30. Qa3 Qc7 31. Qe3 Qe7 32. Qe5 b5 33. Re1
Rc2 34. a3 Ra2 35. Qe3 Nc4 36. Qf4 Nd6 37. Be4 Nc4 38. Qf7+ Qxf7 39. exf7+ Kxf7
1/2-1/2

[Event "Bad Wörishofen op 2012 28th"]
[Site "Bad Wörishofen (2.3.-10.3)"]
[Date "2012.03.08"]
[Round "7.28"]
[White "Hornung, Hans Dr"]
[Black "Klein, Reinhard"]
[Result "1-0"]
[WhiteElo "2077"]
[BlackElo "1752"]
[PlyCount "101"]
[EventDate "2012.03.??"]
[EventType "swiss"]
[EventRounds "9"]
[EventCountry "GER"]
[SourceDate "2013.02.18"]
[WhiteTeam "Klosterlechfeld SK"]
[BlackTeam "München RTA"]

1. d4 Nf6 2. Bg5 d5 3. e3 Bf5 4. c4 Nc6 5. Nc3 dxc4 6. Bxc4 Ne4 7. Nxe4 Bxe4 8.
Qb3 Qd6 9. Bxf7+ Kd8 10. Nf3 Qb4+ 11. Ke2 Qxb3 12. Bxb3 h6 13. Bf4 g5 14. Bg3
Bg7 15. Rac1 Kd7 16. d5 Bxf3+ 17. Kxf3 Ne5+ 18. Ke4 Kd6 19. f4 gxf4 20. exf4
Ng4 21. Kf3 h5 22. Rhe1 Raf8 23. Re6+ Kd7 24. h3 Nh6 25. Ba4+ Kd8 26. Bh4 Nf5
27. Bf2 Nd4+ 28. Bxd4 Bxd4 29. Ke4 Bf6 30. g4 hxg4 31. hxg4 Rh2 32. Rc2 Rxc2
33. Bxc2 Bxb2 34. Rg6 Kd7 35. Ba4+ Kd8 36. g5 a6 37. Rh6 Bc1 38. Rh4 Bb2 39. g6
Rg8 40. Rg4 Rg7 41. Rg2 Bf6 42. Kf5 b5 43. Bb3 a5 44. Re2 a4 45. Bc2 a3 46. Re6
Bc3 47. Ra6 b4 48. Ba4 c5 49. dxc6 e6+ 50. Kg5 Rc7 51. Rb6 1-0

[Event "Bad Wörishofen op 2012 28th"]
[Site "Bad Wörishofen (2.3.-10.3)"]
[Date "2012.03.08"]
[Round "7.29"]
[White "Gulde, Josef"]
[Black "Lodes, Hermann"]
[Result "0-1"]
[WhiteElo "1905"]
[BlackElo "2060"]
[PlyCount "50"]
[EventDate "2012.03.??"]
[EventType "swiss"]
[EventRounds "9"]
[EventCountry "GER"]
[SourceDate "2013.02.18"]
[WhiteTeam "Krumbach SK"]
[BlackTeam "GER/Burgsinn SF"]
[BlackTeamCountry "GER"]

1. d4 d5 2. Nf3 c6 3. c4 Nf6 4. Nc3 e6 5. Bg5 dxc4 6. e4 b5 7. e5 h6 8. Bh4 g5
9. Nxg5 hxg5 10. Bxg5 Be7 11. exf6 Bxf6 12. Bxf6 Qxf6 13. g3 Na6 14. a3 Bb7 15.
Bg2 O-O-O 16. Ne2 Nc5 17. O-O Nb3 18. Rb1 c5 19. Bxb7+ Kxb7 20. Qc2 cxd4 21.
Qe4+ Kb6 22. Rfd1 Rxh2 23. Kxh2 Qxf2+ 24. Kh3 Rh8+ 25. Kg4 f5+ 0-1

[Event "Bad Wörishofen op 2012 28th"]
[Site "Bad Wörishofen (2.3.-10.3)"]
[Date "2012.03.08"]
[Round "7.30"]
[White "Klein, Gereon"]
[Black "Astengo, Corrado"]
[Result "0-1"]
[WhiteElo "1836"]
[BlackElo "2098"]
[PlyCount "50"]
[EventDate "2012.03.??"]
[EventType "swiss"]
[EventRounds "9"]
[EventCountry "GER"]
[SourceDate "2013.02.18"]
[WhiteTeam "Kerpen 64 SK"]
[BlackTeam "ITA/Italien Milanese"]
[BlackTeamCountry "ITA"]

1. Nf3 d5 2. d4 e6 3. c4 c6 4. Nc3 dxc4 5. a4 Bb4 6. e3 b5 7. axb5 cxb5 8. Bd2
Bxc3 9. Bxc3 a5 10. b3 Bb7 11. bxc4 b4 12. Bb2 Nf6 13. Bd3 O-O 14. O-O Nbd7 15.
Re1 Ne4 16. Nd2 f5 17. Bxe4 fxe4 18. Qg4 Qf6 19. Re2 Qf5 20. Qg3 Nf6 21. c5 Bd5
22. Rc1 a4 23. Nc4 a3 24. Ba1 Bxc4 25. Rxc4 b3 0-1

[Event "Bad Wörishofen op 2012 28th"]
[Site "Bad Wörishofen (2.3.-10.3)"]
[Date "2012.03.08"]
[Round "7.31"]
[White "Sibler, Sebastian"]
[Black "Mader, Manuela"]
[Result "1/2-1/2"]
[WhiteElo "1895"]
[BlackElo "2156"]
[PlyCount "60"]
[EventDate "2012.03.??"]
[EventType "swiss"]
[EventRounds "9"]
[EventCountry "GER"]
[SourceDate "2013.02.18"]
[WhiteTeam "Mülheim-Nord SV"]
[BlackTeam "Ettlingen SK"]

1. d4 Nf6 2. c4 g6 3. Nc3 Bg7 4. e4 d6 5. f4 O-O 6. Nf3 c5 7. d5 b5 8. cxb5 Qa5
9. Bd2 a6 10. a4 Nfd7 11. g4 axb5 12. Bxb5 Ba6 13. O-O Qb6 14. Qe2 Qc7 15. Be3
Nb6 16. Qg2 Bxb5 17. Nxb5 Qd7 18. a5 Nc8 19. h3 Qd8 20. Qd2 Na6 21. e5 Nb4 22.
a6 Rxa6 23. Rxa6 Nxa6 24. f5 dxe5 25. Bh6 f6 26. fxg6 hxg6 27. Nc3 Nd6 28. h4
Qd7 29. Nh2 Nb4 30. Bxg7 Kxg7 1/2-1/2

[Event "Bad Wörishofen op 2012 28th"]
[Site "Bad Wörishofen (2.3.-10.3)"]
[Date "2012.03.08"]
[Round "7.32"]
[White "Tichacek, Alois"]
[Black "Jameson, David"]
[Result "0-1"]
[WhiteElo "1559"]
[BlackElo "2067"]
[PlyCount "40"]
[EventDate "2012.03.??"]
[EventType "swiss"]
[EventRounds "9"]
[EventCountry "GER"]
[SourceDate "2013.02.18"]
[WhiteTeam "Marktoberdorf SK"]
[BlackTeam "Starnberg SC"]

1. d4 Nf6 2. c4 e6 3. Nc3 Bb4 4. Bd2 b6 5. Nf3 Bb7 6. Rc1 O-O 7. a3 Be7 8. Bg5
h6 9. Bxf6 Bxf6 10. e3 c5 11. Be2 d6 12. O-O Nd7 13. Qd3 Qe7 14. b4 Rfd8 15.
Nd2 Rac8 16. f4 d5 17. cxd5 exd5 18. bxc5 bxc5 19. Nf3 cxd4 20. exd4 Qxa3 0-1

[Event "Bad Wörishofen op 2012 28th"]
[Site "Bad Wörishofen (2.3.-10.3)"]
[Date "2012.03.08"]
[Round "7.33"]
[White "Schaefer, Michael(59)"]
[Black "Marian, Hartmut"]
[Result "1/2-1/2"]
[WhiteElo "2135"]
[BlackElo "1966"]
[PlyCount "53"]
[EventDate "2012.03.??"]
[EventType "swiss"]
[EventRounds "9"]
[EventCountry "GER"]
[SourceDate "2013.02.18"]
[WhiteTeam "Mörlenbach-Birkenau FB"]
[BlackTeam "Germering SK"]

1. d4 Nf6 2. Nf3 g6 3. c4 Bg7 4. Nc3 O-O 5. Bf4 d6 6. h3 c5 7. d5 a6 8. a4 Qa5
9. Nd2 Nh5 10. Bg5 Qc7 11. e4 Nd7 12. Be2 h6 13. Be3 Nhf6 14. O-O Nh7 15. Qc2
g5 16. Rfe1 Ne5 17. Nf1 f5 18. exf5 Bxf5 19. Qd2 Qd7 20. Ng3 Bg6 21. Rec1 g4
22. hxg4 Nxg4 23. Bxg4 Qxg4 24. Bxh6 Rxf2 25. Qxf2 Bxh6 26. Nge2 Bxc1 27. Rxc1
1/2-1/2

[Event "Bad Wörishofen op 2012 28th"]
[Site "Bad Wörishofen (2.3.-10.3)"]
[Date "2012.03.08"]
[Round "7.34"]
[White "Kannenberg, Karl-Heinz"]
[Black "Guggenberger, Guido"]
[Result "1-0"]
[WhiteElo "2139"]
[BlackElo "1950"]
[PlyCount "53"]
[EventDate "2012.03.??"]
[EventType "swiss"]
[EventRounds "9"]
[EventCountry "GER"]
[SourceDate "2013.02.18"]
[WhiteTeam "Kitzingen SC"]
[BlackTeam "München Tarrasch SC"]

1. d4 Nf6 2. c4 g6 3. Nc3 Bg7 4. e4 d6 5. Nf3 O-O 6. Be2 Nbd7 7. h3 e5 8. d5
Nc5 9. Qc2 a5 10. g4 c6 11. Be3 cxd5 12. cxd5 Na6 13. Qb3 Nd7 14. Na4 Ndc5 15.
Nxc5 Nxc5 16. Bxc5 dxc5 17. Rc1 b6 18. g5 f5 19. d6+ Kh8 20. Qd5 Ra7 21. Nxe5
Qxg5 22. Rd1 Bxe5 23. Qxe5+ Qf6 24. Qxf6+ Rxf6 25. e5 Re6 26. f4 g5 27. Bc4 1-0

[Event "Bad Wörishofen op 2012 28th"]
[Site "Bad Wörishofen (2.3.-10.3)"]
[Date "2012.03.08"]
[Round "7.35"]
[White "Schulz, Michael(58)"]
[Black "Goris, Ton"]
[Result "1-0"]
[WhiteElo "2070"]
[BlackElo "1943"]
[PlyCount "91"]
[EventDate "2012.03.??"]
[EventType "swiss"]
[EventRounds "9"]
[EventCountry "GER"]
[SourceDate "2013.02.18"]
[WhiteTeam "München Bayern FC"]
[BlackTeam "NED/Niederlande"]
[BlackTeamCountry "NED"]

1. d4 c5 2. e3 e6 3. Nf3 Nf6 4. Bd3 d5 5. b3 Nc6 6. O-O cxd4 7. exd4 Be7 8. Bb2
O-O 9. Nbd2 a6 10. a3 b5 11. b4 Bb7 12. Qe2 Nd7 13. Nb3 Bf6 14. Rfe1 Re8 15.
Ne5 Ndxe5 16. dxe5 Be7 17. Qg4 Rc8 18. Bd4 Bf8 19. Qh3 g6 20. f4 Bg7 21. Qe3 f5
22. a4 bxa4 23. Rxa4 Bf8 24. c3 Nb8 25. Na5 Bc6 26. Nxc6 Nxc6 27. Bxa6 Nxd4 28.
cxd4 Rb8 29. Rb1 Qb6 30. b5 Re7 31. Rc1 Rc7 32. Rxc7 Qxc7 33. Ra1 Bb4 34. Rc1
Qa5 35. Rc2 Qa1+ 36. Rc1 Qb2 37. Rd1 Bc3 38. h3 Rd8 39. Rd3 Qa1+ 40. Kh2 Bb2
41. Bb7 Bc1 42. Qf2 Qb1 43. Rc3 Qxb5 44. Bc8 Bb2 45. Bxe6+ Kf8 46. Qh4 1-0

[Event "Bad Wörishofen op 2012 28th"]
[Site "Bad Wörishofen (2.3.-10.3)"]
[Date "2012.03.08"]
[Round "7.36"]
[White "Diotallevi, Maurizio"]
[Black "Roth, Martin(66)"]
[Result "1/2-1/2"]
[WhiteElo "1999"]
[BlackElo "2070"]
[PlyCount "22"]
[EventDate "2012.03.??"]
[EventType "swiss"]
[EventRounds "9"]
[EventCountry "GER"]
[SourceDate "2013.02.18"]
[WhiteTeam "ITA/Italien"]
[BlackTeam "Laupheim SC"]
[WhiteTeamCountry "ITA"]

1. d4 Nf6 2. Nf3 e6 3. Bf4 c5 4. e3 b6 5. Bd3 Be7 6. h3 Ba6 7. O-O Bxd3 8. Qxd3
Nc6 9. c3 d5 10. Nbd2 O-O 11. Ne5 Qc8 1/2-1/2

[Event "Bad Wörishofen op 2012 28th"]
[Site "Bad Wörishofen (2.3.-10.3)"]
[Date "2012.03.08"]
[Round "7.37"]
[White "Ballon, Guenther Jan"]
[Black "Remensberger, Hansuli"]
[Result "1-0"]
[WhiteElo "2164"]
[BlackElo "2018"]
[PlyCount "117"]
[EventDate "2012.03.??"]
[EventType "swiss"]
[EventRounds "9"]
[EventCountry "GER"]
[SourceDate "2013.02.18"]
[WhiteTeam "NED/Niederlande"]
[BlackTeam "SUI/Schweiz"]
[WhiteTeamCountry "NED"]
[BlackTeamCountry "SUI"]

1. d4 e6 2. g3 Nf6 3. Bg2 d5 4. Nf3 Be7 5. c4 O-O 6. O-O b6 7. Nc3 Bb7 8. b3
Nbd7 9. Ne5 a6 10. Bb2 Ra7 11. Nxd7 Qxd7 12. cxd5 Nxd5 13. Nxd5 exd5 14. Rc1 a5
15. Qc2 Bd6 16. a4 Re8 17. e3 Qg4 18. Rfe1 Qg6 19. Qxg6 hxg6 20. Bf1 Raa8 21.
Ra1 Bb4 22. Rec1 c5 23. dxc5 bxc5 24. Bg2 Rad8 25. Rd1 Ba6 26. Rxd5 Rxd5 27.
Bxd5 Rd8 28. e4 Kf8 29. Rc1 Rc8 30. Kg2 f6 31. h4 Ke7 32. Bc3 Kd6 33. Bf7 Bxc3
34. Rxc3 Ke5 35. Bxg6 c4 36. bxc4 Bxc4 37. Rc1 Be6 38. f4+ Kd4 39. Rxc8 Bxc8
40. Be8 Kxe4 41. Kf2 Bb7 42. Bd7 Bd5 43. Bg4 Kd4 44. Bd1 f5 45. g4 fxg4 46. Kg3
Be6 47. Bxg4 Bb3 48. Bd7 Bd1 49. Bc6 Bh5 50. Bf3 Be8 51. Bd1 Bd7 52. h5 Ke3 53.
Bb3 Bf5 54. Bc4 Bc2 55. Bb5 Bd1 56. Be8 Ke4 57. Bg6+ Ke3 58. f5 Bxa4 59. f6 1-0

[Event "Bad Wörishofen op 2012 28th"]
[Site "Bad Wörishofen (2.3.-10.3)"]
[Date "2012.03.08"]
[Round "7.38"]
[White "Behling, Robert"]
[Black "Frei, Markus"]
[Result "1-0"]
[WhiteElo "2066"]
[BlackElo "1900"]
[PlyCount "53"]
[EventDate "2012.03.??"]
[EventType "swiss"]
[EventRounds "9"]
[EventCountry "GER"]
[SourceDate "2013.02.18"]
[WhiteTeam "Augsburg Caissa SK"]
[BlackTeam "Mörlenbach-Birkenau FB"]

1. c4 e5 2. Nc3 Nf6 3. Nf3 Nc6 4. a3 d5 5. d4 exd4 6. Nxd4 Nxd4 7. Qxd4 Be6 8.
cxd5 Bxd5 9. Nxd5 Qxd5 10. Qxd5 Nxd5 11. e4 Nb6 12. Be3 O-O-O 13. Be2 Be7 14.
f4 Kb8 15. Kf2 Na4 16. Rab1 Nc5 17. Kf3 Rhe8 18. e5 f5 19. Rhd1 c6 20. Rbc1
Rxd1 21. Rxd1 Kc7 22. h3 Ne4 23. g4 g6 24. gxf5 gxf5 25. Rg1 Bc5 26. Rg7+ Kb6
27. Bd3 1-0

[Event "Bad Wörishofen op 2012 28th"]
[Site "Bad Wörishofen (2.3.-10.3)"]
[Date "2012.03.08"]
[Round "7.39"]
[White "Harsch, Martin"]
[Black "Fehr, Axel Dr"]
[Result "0-1"]
[WhiteElo "1837"]
[BlackElo "2132"]
[PlyCount "44"]
[EventDate "2012.03.??"]
[EventType "swiss"]
[EventRounds "9"]
[EventCountry "GER"]
[SourceDate "2013.02.18"]
[WhiteTeam "SUI/Schweiz"]
[BlackTeam "SUI/Chur SC(Brackweder SK)"]
[WhiteTeamCountry "SUI"]
[BlackTeamCountry "SUI"]

1. e4 d6 2. d4 Nf6 3. Nc3 g6 4. Be3 c6 5. f3 Qb6 6. Bc4 Qxb2 7. Nge2 Qb4 8. Bb3
Nbd7 9. O-O Bg7 10. Qd2 O-O 11. g4 e5 12. Rab1 Qa5 13. dxe5 dxe5 14. Qd6 Re8
15. Bg5 Qc5+ 16. Qxc5 Nxc5 17. Rfd1 Nxb3 18. axb3 Be6 19. Ra1 Nd7 20. Rd2 Bf8
21. Kf1 a5 22. Rdd1 Nc5 0-1